| 000 | 01102nam a22002777a 4500 | ||
|---|---|---|---|
| 003 | EG-ScBUE | ||
| 005 | 20220414093421.0 | ||
| 008 | 090817s1992 ii f 000 0deng d | ||
| 040 |
_aEG-ScBUE _beng _erda _cEG-ScBUE _dEG-ScBUE |
||
| 082 | 0 | 4 |
_222 _a822.33 _bWIN |
| 245 | 0 | 4 |
_aThe winter’s tale : _ban exhaustive critical study of the play with text / _cWilliam Shakespeare ; [edited] by C. D. Verma, M.A., Ph.D., Department of English, Hans Raj College, University of Delhi. |
| 250 | _aFourth edition. | ||
| 264 | 1 |
_aNew Delhi : _bAarti Book Centre Educational Publishers, _c1992. |
|
| 300 |
_axxiv, 528 pages ; _c20 cm. |
||
| 336 |
_2rdacontent _atext _btxt |
||
| 337 |
_2rdamedia _aunmediated _bn |
||
| 338 |
_2rdacarrier _avolume _bnc |
||
| 490 | 0 | _aStudies in English literature | |
| 600 | 1 | 7 |
_aShakespeare, William, _d1564-1616. _tWinter’s tale. _2BUEsh _934714 |
| 650 | 7 |
_930821 _aTragicomedy _xHistory and criticism. _2BUEsh |
|
| 651 | _2BUEsh | ||
| 653 |
_cDecember2013 _bHHUUEENN |
||
| 655 |
_vReading book _934232 |
||
| 700 | 1 |
_934713 _aVerma, C. D., _eeditor. |
|
| 942 |
_2ddc _cBB _k822.33 WIN |
||
| 999 |
_c12600 _d12600 |
||